| 000 | 00484nam a2200157Ia 4500 | ||
|---|---|---|---|
| 008 | 170221s9999 xx 000 0 und d | ||
| 100 | _aMing Li | ||
| 245 | _aOptimal Receiver Scheme for Transmitted-Reference Ultra-Wideband System in Coal Mine | ||
| 245 | _cMing Li | ||
| 260 | _bJournal of Communications | ||
| 260 | _c2015 | ||
| 300 | _a10 : 3 | ||
| 650 | _xCommunication | ||
| 650 | _xMedia Arts | ||
| 856 | _uhttp://www.jocm.us/index.php?m=content&c=index&a=lists&catid=144 | ||
| 999 |
_c307073 _d307073 |
||